New orientations: essays in international relations /

Bibliographic Details
Main Author: Penrose, E. F. (Ernest Francis), 1895-1984
Other Authors: Lyon, Peter, 1934-, Penrose, Edith Tilton
Format: Book
Language:English
Published: London : Cass, 1970.
Subjects:

MARC

Tag First Indicator Second Indicator Subfields
LEADER 00000cam a2200000 4500
001 in00000012954
005 20151007052307.0
008 700824s1970 enk b 00010 eng
010 |a  72487528  
015 |a B70-11000 
020 |a 0714625930 
035 |a (OCoLC)00094365 
035 |9 AAA7153AM 
040 |a DLC  |c DLC  |d m.c.  |d m/c  |d TXA  |d UtOrBLW 
049 |a TXAM  |c [A11047622] 
050 0 0 |a D843  |b .P473 
082 0 |a 327 
100 1 |a Penrose, E. F.  |q (Ernest Francis),  |d 1895-1984. 
245 1 0 |a New orientations: essays in international relations /  |c editors E. F. Penrose, Peter Lyon [and] Edith Penrose. 
264 1 |a London :  |b Cass,  |c 1970. 
300 |a viii, 136 pages ;  |c 23 cm. 
336 |a text  |b txt  |2 rdacontent 
337 |a unmediated  |b n  |2 rdamedia 
338 |a volume  |b nc  |2 rdacarrier 
504 |a Includes bibliographical references. 
650 0 |a World politics  |y 1945-1989. 
700 1 |a Lyon, Peter,  |d 1934- 
700 1 |a Penrose, Edith Tilton. 
999 |a MARS 
999 f f |s c2806230-a714-339c-92f4-bf6abb7b91fd  |i c40d6080-0024-3b61-ae95-599f0546a9ea  |t 0 
952 f f |p ric  |a Texas A&M University  |b Rellis Campus  |c Joint Library Facility  |d Remote Storage  |t 0  |e D843 .P473  |h Library of Congress classification  |i unmediated -- volume  |m A14811047622 
998 f f |a D843 .P473  |t 0  |l Remote Storage